| 000 | 00549nam a2200181Ia 4500 | ||
|---|---|---|---|
| 005 | 20250326143223.0 | ||
| 008 | 250326s9999 xx 000 0 und d | ||
| 037 | _aTextbook | ||
| 040 |
_aFMSL _beng _cFMSL |
||
| 041 |
_aeng _2eng |
||
| 084 |
_ax:74obD658(2:55) P3 _qFMSL |
||
| 100 |
_aPrabhakar A _9747642 |
||
| 245 | 0 |
_aSmart card applications : e-security e-goverce e-cash _cPrabhakar A; Swan S |
|
| 260 |
_aDelhi _bDelhi, Ajanta _c2003 |
||
| 300 | _a272p | ||
| 942 |
_cTB _hx:74obD658(2:55) P3 |
||
| 999 |
_c1298649 _d1298649 |
||